Statistics for Әлем Елдері (Қазақша Нұсқасы)

Click here to take the quiz!

General Stats

  • This quiz has been taken 12 times
  • The average score is 48 of 196

Answers on the Map

Answers color-coded by a green-red scale on the quiz's map according to % correct below.
 

Answer Stats

Answer% Correct
Моңғолия
100%
Швеция
100%
Франция
100%
Испания
100%
Ұлыбритания
100%
Лаос
100%
Қытай
100%
Қазақстан
100%
Канада
100%
Алжир
100%
Индонезия
100%
Ирландия
100%
Үндістан
100%
Аустралия
100%
Ирак
100%
Аргентина
100%
Иран
100%
Қырғызстан
100%
Ресей
100%
Америка Құрама Штаттары
100%
Польша
67%
Дания
67%
Пәкістан
67%
Коста-Рика
67%
Мексика
67%
Финляндия
67%
Португалия
67%
Палау Республикасы
67%
Оңтүстік Корея
67%
Сингапур
67%
Исландия
67%
Италия
67%
Жапония
67%
Колумбия
67%
Германия
67%
Марокко
67%
Мадагаскар
67%
Аустрия
67%
Әзірбайжан
67%
Норвегия
67%
Өзбекстан
67%
Бразилия
67%
Украина
67%
Сауд Арабиясы
67%
Түркия
67%
Тайланд
33%
Сербия
33%
Грекия
33%
Солтүстік Корея
33%
Бельгия
33%
Гондурас
33%
Хорватия
33%
Бангладеш
33%
Израиль
33%
Нигерия
33%
Вьетнам
33%
Швейцария
33%
Перу
33%
Йемен
33%
Нигер
33%
Албания
33%
Ауғанстан
33%
Нидерланд
33%
Қатар
33%
Куба
33%
Фиджи
33%
Эстония
33%
Мысыр
33%
Жаңа Зеландия
33%
Тәжікстан
33%
Литва
33%
Шри-Ланка
33%
Оман
33%
Латвия
33%
Уругвай
33%
Чили
33%
Парагвай
33%
Эквадор
33%
Намибия
0%
Руанда
0%
Филиппин
0%
Никарагуа
0%
Панама
0%
Науру
0%
Румыния
0%
Папуа — Жаңа Гвинея
0%
Непал
0%
Андорра
0%
Соломон Аралдары
0%
Ватикан
0%
Тонга
0%
Тринидад және Тобаго
0%
Тувалу
0%
Тайвань
0%
Танзания
0%
Уганда
0%
Сент-Винсент және Гренадиндер
0%
Түрікменстан
0%
Венесуэла
0%
Вануату
0%
Самоа
0%
Косово
0%
Оңтүстік Африка Республикасы
0%
Замбия
0%
Тунис
0%
Шығыс Тимор
0%
Сейшель Аралдары
0%
Сомали
0%
Судан
0%
Словения
0%
Словакия
0%
Сьерра-Леоне
0%
Сан-Марино
0%
Сенегал
0%
Суринам
0%
Того
0%
Мозамбик
0%
Сан-Томе және Принсипи
0%
Сальвадор
0%
Сирия
0%
Эсватини
0%
Чад
0%
Оңтүстік Судан
0%
Сент-Люсия
0%
Малайзия
0%
Чехия
0%
Орталық Африка Республикасы
0%
Конго Республикасы
0%
Кот-д'Ивуар
0%
Камерун
0%
Кабо-Верде
0%
Кипр
0%
Джибути
0%
Белиз
0%
Доминика
0%
Доминикан Республикасы
0%
Эритрея
0%
Эфиопия
0%
Микронезия Федерациялық Штаттары
0%
Габон
0%
Конго Демократиялық Республикасы
0%
Беларусь
0%
Грузия
0%
Болгария
0%
Антигуа және Барбуда
0%
Армения
0%
Ангола
0%
Босния және Герцеговина
0%
Барбадос
0%
Буркина-Фасо
0%
Бахрейн
0%
Ботсвана
0%
Бурунди
0%
Бенин
0%
Бруней
0%
Боливия
0%
Багам Аралдары
0%
Бутан
0%
Гренада
0%
Гана
0%
Малави
0%
Маршалл Аралдары
0%
Лесото
0%
Люксембург
0%
Ливия
0%
Монако
0%
Молдова
0%
Черногория
0%
Солтүстік Македония
0%
Лихтенштейн
0%
Мали
0%
Мьянма
0%
Мавритания
0%
Мальта
0%
Маврикий
0%
Мальдивтер
0%
Либерия
0%
Біріккен Араб Әмірліктері
0%
Гамбия
0%
Мажарстан
0%
Гвинея
0%
Экваторлық Гвинея
0%
Гватемала
0%
Гвинея-Бисау
0%
Гайана
0%
Гаити
0%
Ямайка
0%
Ливан
0%
Иордания
0%
Кения
0%
Камбоджа
0%
Кирибати
0%
Коморлар
0%
Сент-Китс және Невис
0%
Кувейт
0%
Зимбабве
0%

Score Distribution

Percentile by Number Answered

Percent of People with Each Score

Your Score History

You have not taken this quiz